000 00380nam a2200145Ia 4500
008 100122s9999 xx 000 0 und d
082 _b19261
_a823.08
100 _aबोराडे रा रं
245 _aवरात
260 _bप्रपंच प्रकाशन
_c1973
300 _a116
630 _aवरात
730 _aवरात
942 _cBOOK
999 _c408379
_d408376